| 000 | 00526nam a2200145Ia 4500 | ||
|---|---|---|---|
| 008 | 210430s9999 xx 000 0 und d | ||
| 020 | _a9788126511105 | ||
| 082 | _a668.9 B5951T | ||
| 100 |
_aBillmeyer, Fred W. _954882 |
||
| 245 |
_aTextbook of polymer science 3rd _cBillmeyer, Fred W. |
||
| 260 |
_aNew York, _bWiley-Interscience _c1994 |
||
| 300 | _axiv, 598 p. | ||
| 856 | _uhttp://www.loc.gov/catdir/enhancements/fy0607/78142713-d.html | http://www.loc.gov/catdir/enhancements/fy0607/78142713-t.html | ||
| 942 |
_cREF _2ddc |
||
| 999 |
_c565772 _d565772 |
||